[Event "Oberliga NRW 0001 I"]
[Site "NRW"]
[Date "2001.05.06"]
[Round "9.4"]
[White "Hilge, Dietmar"]
[Black "Babar, Michael"]
[Result "1-0"]
[WhiteElo "2424"]
[BlackElo "2175"]
[PlyCount "109"]
[EventDate "2000.09.24"]
[EventType "team"]
[EventRounds "9"]
[EventCountry "GER"]
[SourceTitle "EXT 2006"]
[Source "ChessBase"]
[SourceDate "2005.11.24"]
[SourceVersion "1"]
[SourceVersionDate "2005.11.24"]
[SourceQuality "1"]
[WhiteTeam "Muelheim"]
[BlackTeam "Muenster II"]
[WhiteTeamCountry "GER"]
[BlackTeamCountry "GER"]

1. Nf3 f5 2. g3 Nf6 3. Bg2 g6 4. b4 d6 5. d4 Bg7 6. Bb2 0-0 7. c4 e5 8. dxe5 Ng4 9. Qb3 Nxe5 10. c5+ Kh8 11. 0-0 Qf6 12. Nxe5 dxe5 13. Nd2 Nc6 14. b5 Be6 15. Qa4 Nd8 16. Nc4 Bxc4 17. Qxc4 c6 18. a4 Rc8 19. Rad1 Qe7 20. b6 axb6 21. cxb6 Ne6 22. e4 Rcd8 23. exf5 gxf5 24. a5 Nd4 25. Rfe1 Qf6 26. Bxd4 Rxd4 27. Rxd4 exd4 28. f4 Qd6 29. a6 bxa6 30. Re6 Qa3 31. Bf1 d3 32. Bxd3 Rd8 33. b7 Qa1+ 34. Kg2 Qb2+ 35. Kh3 Qxb7 36. Bxf5 Qf7 37. Qe4 Rf8 38. Bg4 c5 39. Rxa6 Re8 40. Re6 Rxe6 41. Qxe6 Qxe6 42. Bxe6 Bf6 43. Kg4 c4 44. Bxc4 Kg7 45. Kf5 Bd4 46. g4 Be3 47. Ke4 Bd2 48. Kf5 Be3 49. g5 Bd2 50. Kg4 h6 51. h4 h5+ 52. Kg3 Be1+ 53. Kh3 Kg6 54. Bd3+ Kg7 55. f5 1-0

[Event "Oberliga NRW 0001 I"]
[Site "NRW"]
[Date "2000.10.29"]
[Round "2.4"]
[White "Hilge, Dietmar"]
[Black "Kurr, Gerd"]
[Result "1-0"]
[WhiteElo "2424"]
[BlackElo "2256"]
[PlyCount "85"]
[EventDate "2000.09.24"]
[EventType "team"]
[EventRounds "9"]
[EventCountry "GER"]
[SourceTitle "EXT 2006"]
[Source "ChessBase"]
[SourceDate "2005.11.24"]
[SourceVersion "1"]
[SourceVersionDate "2005.11.24"]
[SourceQuality "1"]
[WhiteTeam "Muelheim"]
[BlackTeam "Elberfeld"]
[WhiteTeamCountry "GER"]
[BlackTeamCountry "GER"]

1. Nf3 Nf6 2. c4 g6 3. Nc3 Bg7 4. d4 0-0 5. Bg5 d6 6. e3 c6 7. Be2 a6 8. 0-0 b5 9. Nd2 Bb7 10. Bf3 b4 11. Na4 Nbd7 12. a3 bxa3 13. Rxa3 Rb8 14. Qc2 e5 15. c5 d5 16. Be2 exd4 17. exd4 Re8 18. Nb3 Bc8 19. Bd3 Nf8 20. Bf4 Rb5 21. Bxb5 axb5 22. Nb6 Bf5 23. Qc1 Nh5 24. Ra8 Nxf4 25. Qxf4 Qe7 26. Rxe8 Qxe8 27. Qe3 Ne6 28. Ra1 Qe7 29. Ra8+ Bf8 30. Na5 Qc7 31. b4 Kg7 32. Rc8 Qa7 33. Qe5+ Kh6 34. Ra8 Qe7 35. Qe3+ g5 36. Nxc6 Qc7 37. Ne5 Bg7 38. h4 f6 39. Nf3 Nf4 40. Re8 Be4 41. Rxe4 dxe4 42. Qxe4 Qf7 43. g3 1-0

[Event "Oberliga NRW 0001 I"]
[Site "NRW"]
[Date "2000.09.24"]
[Round "1.4"]
[White "Lutz, Anke"]
[Black "Hilge, Dietmar"]
[Result "1-0"]
[WhiteElo "2302"]
[BlackElo "2424"]
[PlyCount "80"]
[EventDate "2000.09.24"]
[EventType "team"]
[EventRounds "9"]
[EventCountry "GER"]
[SourceTitle "EXT 2006"]
[Source "ChessBase"]
[SourceDate "2005.11.24"]
[SourceVersion "1"]
[SourceVersionDate "2005.11.24"]
[SourceQuality "1"]
[WhiteTeam "Krefeld"]
[BlackTeam "Muelheim"]
[WhiteTeamCountry "GER"]
[BlackTeamCountry "GER"]

1. e4 e6 2. d4 d5 3. Nc3 Nf6 4. e5 Nfd7 5. f4 c5 6. Nf3 Nc6 7. Be3 cxd4 8. Nxd4 Bc5 9. Qd2 0-0 10. 0-0-0 a6 11. Kb1 Nxd4 12. Bxd4 b5 13. h4 b4 14. Na4 Bxd4 15. Qxd4 a5 16. Bb5 Rb8 17. Bd3 Bb7 18. h5 Qe7 19. b3 Bc6 20. Nb2 Qc5 21. Be2 Rfc8 22. Qxc5 Nxc5 23. Bf3 Bb5 24. g4 Nd7 25. Rd2 Rc3 26. Rf2 Rbc8 27. Re1 Kf8 28. Nd1 R3c7 29. Rd2 a4 30. Be2 Bxe2 31. Rexe2 axb3 32. cxb3 Rc1+ 33. Kb2 Nc5 34. Nf2 Rc3 35. Rd4 Rf3 36. Rc2 Rc3 37. Re2 Na6 38. Nd3 R3c7 39. Nxb4 Nxb4 40. Rxb4 Ke7 1-0

[Event "Meerbusch"]
[Site "Meerbusch"]
[Date "1996.??.??"]
[Round "6"]
[White "Hilge, Dietmar"]
[Black "Cmiel, Thorsten"]
[Result "1-0"]
[WhiteElo "2300"]
[BlackElo "2265"]
[PlyCount "65"]
[EventDate "1996.08.??"]
[EventType "tourn"]
[EventRounds "11"]
[EventCountry "GER"]
[EventCategory "1"]
[SourceTitle "EXT 2006"]
[Source "ChessBase"]
[SourceDate "2005.11.24"]
[SourceVersion "1"]
[SourceVersionDate "2005.11.24"]
[SourceQuality "1"]

1. c4 Nf6 2. Nc3 c5 3. Nf3 g6 4. d4 cxd4 5. Nxd4 Bg7 6. e4 Nc6 7. Be3 0-0 8. Be2 b6 9. 0-0 Bb7 10. Nxc6 dxc6 11. e5 Ne8 12. f4 Nc7 13. Qe1 f6 14. f5 gxf5 15. Rxf5 fxe5 16. Rh5 Rf7 17. Rd1 Qf8 18. Rd7 e6 19. Rxf7 Qxf7 20. Ne4 Qg6 21. Nd6 Ba6 22. Rg5 Qf6 23. Ne4 Qe7 24. Rg3 Kh8 25. Bd3 Rf8 26. Rh3 Rf5 27. g4 Rf4 28. Bxf4 exf4 29. g5 h6 30. Qh4 Qb4 31. gxh6 Bd4+ 32. Kf1 Qf8 33. Qh5 1-0

[Event "Meerbusch"]
[Site "Meerbusch"]
[Date "1996.??.??"]
[Round "2"]
[White "Hilge, Dietmar"]
[Black "Kern, Guido"]
[Result "1/2-1/2"]
[WhiteElo "2300"]
[BlackElo "2340"]
[PlyCount "30"]
[EventDate "1996.08.??"]
[EventType "tourn"]
[EventRounds "11"]
[EventCountry "GER"]
[EventCategory "1"]
[SourceTitle "EXT 2006"]
[Source "ChessBase"]
[SourceDate "2005.11.24"]
[SourceVersion "1"]
[SourceVersionDate "2005.11.24"]
[SourceQuality "1"]

1. e4 c5 2. Nf3 e6 3. c4 Nc6 4. Nc3 d6 5. d4 cxd4 6. Nxd4 Nf6 7. Be2 Be7 8. 0-0 0-0 9. Be3 a6 10. Rc1 Re8 11. Qd2 Bf8 12. Rfd1 Bd7 13. f3 Qb8 14. Nb3 Bc8 15. Bf1 Nd7 1/2-1/2

[Event "Meerbusch"]
[Site "Meerbusch"]
[Date "1996.??.??"]
[Round "3"]
[White "Weritz, Juergen"]
[Black "Hilge, Dietmar"]
[Result "1-0"]
[WhiteElo "2270"]
[BlackElo "2300"]
[PlyCount "23"]
[EventDate "1996.08.??"]
[EventType "tourn"]
[EventRounds "11"]
[EventCountry "GER"]
[EventCategory "1"]
[SourceTitle "EXT 2006"]
[Source "ChessBase"]
[SourceDate "2005.11.24"]
[SourceVersion "1"]
[SourceVersionDate "2005.11.24"]
[SourceQuality "1"]

1. d4 Nf6 2. c4 e6 3. Nf3 c5 4. e3 d5 5. Nc3 Nc6 6. cxd5 exd5 7. Be2 Bd6 8. dxc5 Bxc5 9. 0-0 0-0 10. a3 a6 11. b4 Ba7 12. Bb2 1-0

[Event "Niederrhein-ch"]
[Site "Niederrhein"]
[Date "1995.04.??"]
[Round "?"]
[White "Henk, Martin"]
[Black "Hilge, Dietmar"]
[Result "1-0"]
[WhiteElo "2042"]
[BlackElo "2098"]
[PlyCount "20"]
[EventDate "1995.04.07"]
[EventType "swiss"]
[EventRounds "9"]
[EventCountry "GER"]
[SourceTitle "EXT 2006"]
[Source "ChessBase"]
[SourceDate "2005.11.24"]
[SourceVersion "1"]
[SourceVersionDate "2005.11.24"]
[SourceQuality "1"]

1. d4 d5 2. c4 c6 3. Nf3 Nf6 4. Nc3 dxc4 5. a4 Bg4 6. e3 e5 7. Be2 e4 8. Ne5 Bxe2 9. Qxe2 Nbd7 10. Qxc4 Bd6 1-0

[Event "Niederrhein-ch"]
[Site "Niederrhein"]
[Date "1995.04.??"]
[Round "?"]
[White "Hilge, Dietmar"]
[Black "Sielecki, Christof"]
[Result "0-1"]
[WhiteElo "2098"]
[BlackElo "2212"]
[PlyCount "58"]
[EventDate "1995.04.07"]
[EventType "swiss"]
[EventRounds "9"]
[EventCountry "GER"]
[SourceTitle "EXT 2006"]
[Source "ChessBase"]
[SourceDate "2005.11.24"]
[SourceVersion "1"]
[SourceVersionDate "2005.11.24"]
[SourceQuality "1"]

1. e4 e6 2. d4 d5 3. e5 c5 4. c3 Bd7 5. Nf3 Nc6 6. dxc5 Bxc5 7. Bd3 Nge7 8. Bf4 Ng6 9. Bg3 f5 10. h4 h5 11. b4 Bb6 12. Na3 a6 13. Qe2 Nce7 14. c4 Kf8 15. 0-0 Kg8 16. Qd2 Qf8 17. Bf4 Nxf4 18. Qxf4 Rh6 19. Rfe1 a5 20. Nb5 Bxb5 21. cxb5 Ng6 22. Qg3 Qxb4 23. Ng5 Nxh4 24. a3 Qg4 25. Qxg4 hxg4 26. g3 Nf3+ 27. Nxf3 gxf3 28. Bc2 Rh3 29. Bxf5 exf5 0-1